000
00251nam a2200097Ia 4500
001
1119577
005
20250827004148.0
008
250824s9999 xx 000 0 und d
245
0
_a
DUYGUSAL ZEKA 2-9 24
_c
BİRCAN YILDIRIM
260
_b
DESTEK YAYINLARI
999
_c
1119577
_d
1119577